Geçmişten geleceğe Türkiye ekonomisi : (Record no. 14923)

MARC details
000 -BAŞLIK
Sabit Uzunlukta Kontrol Alanı 00866nam a22002417a 4500
999 ## - SİSTEM KONTROL NUMARALARI (KOHA)
Koha Biblionumber 14923
Koha Biblioitemnumber 14923
003 - KONTROL NUMARASI IDENTIFIER
Denetim Alanı MIRAKIL
005 - SON İŞLEM TARİHİ VE ZAMANI
Denetim Alanı 20220523131545.0
008 - SABİT-BOY VERİ ELEMANLARI - GENEL BİLGİLER
Sabit Uzunlukta Kontrol Alanı 220523b tu ||||| |||| 00| 0 tur d
020 ## - ULUSLARARASI STANDART KİTAP NUMARASI
Uluslararası Standart Kitap Numarası 9789750522659
040 ## - KATALOGLAMA KAYNAK
Orijinal Kataloglama Ajansı TR-AnCHP
Metne Dönüştürmek Ajansı TR-AnCHP
041 ## - DİL KODU
Metin / Ses Parça Veya Ayrı Başlığın Dil Kodu tur
082 ## - DEWEY ONLU SINIFLANDIRMA NUMARASI
Sınıflandırma Numarası 330.9561
Ürün Numarası G31 2017
245 10 - BAŞLIK TABLOSU
Başlık Geçmişten geleceğe Türkiye ekonomisi :
Başlığın Kalan Fikret Şenses'e armağan /
Sorumluluk Tablosu, Vb derleyenler Murat Koyuncu, Hakan Mıhcı, Erinç Yeldan
260 ## - YAYIN, DAĞITIM, VB
Yayın, Dağıtım, Vb Yeri İstanbul :
Yayıncı, Dağıtıcı, Vs Adı İletişim Yayınları,
Yayın, Dağıtım, Vb Tarihi 2017.
300 ## - FİZİKSEL TANIM
Kapsam 398 s.:
Diğer Fiziksel Ayrıntıları grf.;
Boyutlar 19 sm.
490 0# - SERİSİ TABLOSU
Seri Beyanı İletişim Yayınları ;
-- Araştırma-inceleme dizisi ;
Hacim / Ardışık Tanımı 2530.
-- 418.
504 ## - KAYNAKÇA VB NOT
Kaynakça Vb Notu Kaynakça bölüm sonlarındadır.
650 #0 - KONU KATMA GİRİŞ - TOPİKAL DÖNEM
9 (RLIN) 396
Topikal Süreli Veya Coğrafi Ad Giriş Elemanı Ekonomi
Genel Alt Bölümü Tarih
Coğrafi Alt Bölümü Türkiye
700 ## - KATMA GİRİŞ - KİŞİSEL İSİM
9 (RLIN) 7099
Kişisel Ad Koyuncu, Murat
Relator Terim der.
700 ## - KATMA GİRİŞ - KİŞİSEL İSİM
9 (RLIN) 7100
Kişisel Ad Mıhcı, Hakan
Relator Terim der.
700 1# - KATMA GİRİŞ - KİŞİSEL İSİM
9 (RLIN) 1856
Kişisel Ad Yeldan, Erinç
Relator Terim der.
942 ## - EKLENDİ GİRİŞ ELEMANLARI (KOHA)
Sınıflandırma Veya Raf Düzeni Kaynak Dewey Decimal Classification
Koha Öğesi Türü Books
Holdings
Kalıcı Konum Mevcut Konum Edinme Tarihi Toplam Check-Out'Lar Tam Çağrı Numarası Barkod Tarih Son Görülme İtibaren Geçerli Fiyatlar Koha Öğesi Türü
CHP Kütüphanesi CHP Kütüphanesi 05/23/2022   330.9561 G31 2017 020451 05/23/2022 05/23/2022 Books